000 00477nam a2200181Ia 4500
008 090124s9999 xx 000 0 und d
082 _b120937
100 _aसाठे शंकर भाऊ
245 _a सुगंधा
250 _a1
260 _c1985
300 _a163
600 _aसाठे शंकर भाऊ
630 _a सुगंधा
700 _aसाठे शंकर भाऊ
730 _a सुगंधा
942 _cBOOK
999 _c167023
_d167023